|
|
|
|
| LEADER |
00844naa a2200205 i 4500 |
| 001 |
acta82776 |
| 005 |
20250429111206.0 |
| 008 |
231220s2016 hu o 100 hun d |
| 040 |
|
|
|a SZTE Egyetemi Kiadványok Repozitórium
|b hun
|
| 041 |
|
|
|a hun
|
| 100 |
1 |
|
|a Tóth Ádám
|
| 245 |
1 |
3 |
|a Az A vonásszintű altruizmus evolúciós hagyatéka - segítségnyújtás az empátiás érzelemdetektálás és az averzív személyiségjegyek tükrében
|h [elektronikus dokumentum] :
|b [absztrakt] /
|c Tóth Ádám
|
| 260 |
|
|
|c 2016
|
| 300 |
|
|
|a 25-26
|
| 490 |
0 |
|
|a Móra 50 Konferencia
|
| 650 |
|
4 |
|a Társadalomtudományok
|
| 650 |
|
4 |
|a Pszichológia
|
| 695 |
|
|
|a Pszichológia - előadáskivonat
|
| 711 |
|
|
|a Móra 50 Konferencia
|c Szeged
|d 2016. április 15-16.
|
| 856 |
4 |
0 |
|u http://acta.bibl.u-szeged.hu/82776/1/morakonf_2016_apr_025-026.pdf
|z Dokumentum-elérés
|